Megnyílt a 13. dél-alföldi tárlat
Elmentve itt :
| Dokumentumtípus: | Cikk |
|---|---|
| Megjelent: |
1978-05-23
|
| Sorozat: | Délmagyarország
68 No. 119 |
| Kulcsszavak: | képzőművészet |
| Online Access: | http://dmarchiv.bibl.u-szeged.hu/122105 |
| LEADER | 00411nab a2200145 i 4500 | ||
|---|---|---|---|
| 001 | delm122105 | ||
| 005 | 20190517112721.0 | ||
| 008 | 190517s1978 hu o 0|| hun d | ||
| 040 | |a SZTE Délmagyarország Archívum |b hun | ||
| 041 | |a hun | ||
| 245 | 0 | 0 | |a Megnyílt a 13. dél-alföldi tárlat |h [elektronikus dokumentum] |
| 260 | |c 1978-05-23 | ||
| 300 | |a 5 | ||
| 490 | 0 | |a Délmagyarország |v 68 No. 119 | |
| 695 | |a képzőművészet | ||